Prueba de la Región de Murcia - Estadísticas

Estadísticas generales
  • Esta prueba ha sido intentada 2.118 veces
  • La puntuación promedio es 7 de 16
Estadísticas de respuestas
Pregunta Respuesta % Correcto
Capital Murcia
99%
La segunda ciudad más poblada Cartagena
92%
Río principal de Murcia Segura
75%
El nombre del cordón litoral que separa esa albufera y el Mar Mediterráneo La Manga
70%
La albufera de mayor extensión de España Mar Menor
65%
Gracias a su industria agroalimentaria, Murcia se llama así La {huerta} de Europa
63%
Este órgano se Alfonso X el Sabio se encuentra en la Catedral de Murcia Corazón
42%
Inventor de un tipo de submarino que actualmente lleva su nombre Isaac Peral
39%
En esa zona se come este plato de arroz y pescado Caldero
25%
Inventor del autogiro Juan de la Cierva
24%
Guiso de habas seca con carne Michirones
23%
El color específico de la bandera Rojo {carmesí}
20%
Este grupo de rock tiene Carlos Tarque y Ricardo Ruipérez como componentes principales M-Clan
19%
Subdivisiones de los municipios extensos Pedanías
10%
Primera mujer de la RAE Carmen Conde
9%
En la capital, este monumento ecléctico se concedió el título Real por Juan Carlos {Casino} de Murcia
8%
No se encontraron pruebas coincidentes
Distribución de puntuación
Porcentaje de gente con cada puntuación
Porcentaje por número respondido
Historial de tus puntuaciones
No has intentado esta prueba.